| 000 | 00446nam a22001697a 4500 | ||
|---|---|---|---|
| 003 | CEME | ||
| 005 | 20210628203056.0 | ||
| 008 | 210419b xxu||||| |||| 00| 0 eng d | ||
| 020 | _a81-224-0337-9 | ||
| 040 | _c. | ||
| 082 | _a621.388 GUL'M | ||
| 100 |
_aGulati, R. R _963177 |
||
| 245 | _aModern television practice , principles technology and servicing | ||
| 260 |
_aNEWDELHI _bWILEY EASTERN _c1991 |
||
| 300 | _aXVI,673P | ||
| 942 |
_cBK _2ddc |
||
| 999 |
_c572082 _d572082 |
||